Sports Quiz

Random Sports or WWE Quiz

Royal Rumble Winners by Photo Quiz Stats

 Plays Quiz Updated Apr 30, 2018

Score 0/26 Timer 04:00
12 Plays Today
Year Wrestler % Correct
2000The Rock
93.3%
1997, 1998 & 2001Steve Austin
91.9%
1990 & 1991Hulk Hogan
91.8%
1992Ric Flair
91.8%
2002 & 2016Triple H
91%
2008 & 2013John Cena
90.7%
2007The Undertaker
90.4%
1994Bret Hart
88.4%
2003Brock Lesnar
87.5%
1999Vince McMahon
86.1%
1995 & 1996Shawn Michaels
85.2%
2005 & 2014Batista
84.8%
2010Edge
84.5%
Year Wrestler % Correct
2009 & 2017Randy Orton
84.3%
2006Rey Mysterio
83.7%
1988'Hacksaw' Jim Duggan
79.1%
2012Sheamus
77.7%
2004Chris Benoit
77.1%
2015Roman Reigns
77%
2011Alberto Del Rio
74.8%
1993Yokozuna
73.8%
2018 (M)Shinsuke Nakamura
70.1%
1994Lex Luger
69.8%
GreatestBraun Strowman
69%
2018 (W)Asuka
67.6%
1989Big John Studd
51.2%

You're not logged in!

Compare scores with friends on all Sporcle quizzes.
Join for Free
OR
Log In

You Might Also Like...

Show Comments

Extras

Top Quizzes Today


Score Distribution

Your Account Isn't Verified!

In order to create a playlist on Sporcle, you need to verify the email address you used during registration. Go to your Sporcle Settings to finish the process.

Report this User

Report this user for behavior that violates our Community Guidelines.

Details: